Law relating to cheques / (Record no. 42294)

MARC details
000 -LEADER
fixed length control field 00730nam a22002177a 4500
010 ## - LCCN (DPL NO)
LC control number ENG-100761
020 ## - INTERNATIONAL STANDARD BOOK NUMBER
Terms of availability 2280
International Standard Book Number 978818450208
035 ## - SYSTEM CONTROL NUMBER
System control number EN-84294
037 ## - SOURCE OF ACQUISITION
Source of stock number/acquisition DBAD / PUB
082 ## - DEWEY DECIMAL CLASSIFICATION NUMBER
Classification number 346.082
100 ## - MAIN ENTRY--PERSONAL NAME
Personal name Chaudhary, Ram Naresh
245 ## - TITLE STATEMENT
Title Law relating to cheques /
Statement of responsibility, etc by Ram Naresh Chaudhary
260 ## - PUBLICATION, DISTRIBUTION, ETC. (IMPRINT)
Place of publication, distribution, etc New Delhi
Name of publisher, distributor, etc Deep & Publications
Date of publication, distribution, etc 2009
270 ## - ADDRESS
Address F-159, Rajouri Garden
City New Delhi
Postal code 110027
300 ## - PHYSICAL DESCRIPTION
Extent xxvii, 549 p.
Dimensions 24cm (Hb)
500 ## - GENERAL NOTE
General note Includes index
700 ## - ADDED ENTRY--PERSONAL NAME
9 (RLIN) 6162
700 ## - ADDED ENTRY--PERSONAL NAME
9 (RLIN) 14349
942 ## - ADDED ENTRY ELEMENTS (KOHA)
Source of classification or shelving scheme Dewey Decimal Classification
Item type English Books
Call number suffix CHA
Classification part 346.082
Holdings
Withdrawn status Lost status Not for loan Collection code Home library Current library Date acquired Cost, normal purchase price Full call number Barcode Copy number Cost, replacement price Koha item type
    Not For Loan Non-fiction D.B.Act.Division D.B.Act.Division 17/08/2010 2280.00 346.082 CHA EN-84294 1 2280.00 English Books

© Delhi Public Library
Hit Counter
free hit counter